Communes de la Gironde (33) de plus de 10000 habitants - Statistiques

Statistiques générales
  • Ce quiz a été pris 149 fois
  • Le résultat moyen est 16 sur 30
Statistiques - réponses
Habitants Commune % Correct
265328 (préfecture) Bordeaux
100%
77136 Mérignac
94%
66874 Pessac
89%
10895 Arcachon
84%
24668 Libourne
78%
45869 Talence
78%
24654 Lormont
73%
30968 Bègles
67%
26784 Cenon
67%
20382 Bruges
63%
27141 La Teste-de-Buch
59%
32749 Saint-Médard-en-Jalles
59%
26186 Gradignan
57%
17939 Floirac
54%
42185 Villenave-d'Ornon
54%
16757 Cestas
51%
16786 Blanquefort
49%
24436 Eysines
48%
24262 Le Bouscat
44%
22643 Gujan-Mestras
43%
11499 Le Haillan
40%
11303 Biganos
33%
10723 Léognan
32%
12786 Saint-André-de-Cubzac
30%
10407 Parempuyre
27%
11756 Mios
24%
10966 Le Taillan-Médoc
21%
12614 Andernos-les-Bains
16%
17298 Ambarès-et-Lagrave
13%
10057 Saint-Loubès
11%
Aucun quiz correspondant
Distribution des résultats
% des personnes avec chaque résultat
Percentile par nombre de réponses
Votre historique - résultats
Vous n’avez pas pris ce quiz